Bharatar Swadhinatar Itibritta (Record no. 5056)

MARC details
000 -LEADER
fixed length control field 00441cam a2200169ua 4500
008 - FIXED-LENGTH DATA ELEMENTS--GENERAL INFORMATION
fixed length control field 131026n ii |||gr||||Z||||||asm
040 ## - CATALOGING SOURCE
Transcribing agency MAIN
082 ## - DEWEY DECIMAL CLASSIFICATION NUMBER
Classification number 954.035
245 11 - TITLE STATEMENT
Title Bharatar Swadhinatar Itibritta
Statement of responsibility, etc. By Hemchandra Dutta
260 ## - PUBLICATION, DISTRIBUTION, ETC.
Place of publication, distribution, etc. Jorhat:
Name of publisher, distributor, etc. Shree Guru Press,
Date of publication, distribution, etc. 1968.
300 ## - PHYSICAL DESCRIPTION
Extent x,236p.
700 1# - ADDED ENTRY--PERSONAL NAME
Personal name Dutta,Hemchandra,
Relator term
942 ## - ADDED ENTRY ELEMENTS (KOHA)
Koha item type Books
653 ## - INDEX TERM--UNCONTROLLED
Uncontrolled term History
653 ## - INDEX TERM--UNCONTROLLED
Uncontrolled term Bharatar Swadhinatar Itibritta
Holdings
Withdrawn status Lost status Damaged status Not for loan Home library Current library Shelving location Date acquired Total Checkouts Full call number Barcode Date last seen Copy number Price effective from Koha item type
        Central Library, Naharkatiya College Central Library, Naharkatiya College General Stacks 19/09/2020   954.035 | DUT 8719 19/09/2020 1 19/09/2020 Books

Naharkatiya College © 2020. All rights reserved.

Powered By